000
00294nam a2200145Ia 4500
100
_a
Thangavel/K
942
_c
BK
366
_f
20
245
_a
Intelligent computing models
260
_b
Narosa
_c
2009
082
_a
6.3
_b
THA
300
_a
296
546
_a
ENGLISH
_c
Computers
999
_c
19533
_d
19533